| 000 | 00570nam a22002055i 4500 | ||
|---|---|---|---|
| 001 | 172203 | ||
| 003 | ES-MaACL | ||
| 005 | 20240510063139.0 | ||
| 008 | 090617s1984 sp |||| | spa d | ||
| 020 | _a84-85466-16-0 | ||
| 080 | _a821.134.2-14"19" | ||
| 100 | 0 |
_aRozas, Juan Manuel. _9100249 |
|
| 245 | 1 | 0 |
_aDe la consolación y de sus dioses / _cJuan Manuel Rozas. |
| 250 | _a[1ª ed.]. | ||
| 260 |
_aSantander : _bSur, _c1984. |
||
| 300 |
_a56 p. ; _c17 cm. |
||
| 852 |
_aES-MaACL _j2253-F-11 _9R.144601 |
||
| 942 | _2udc | ||
| 999 |
_c172203 _d172203 |
||